000 00721nam a2200241Ia 4500
003 OSt
005 20220926014710.0
006 a|||||r|||| 00| 0
007 ta
008 220923b |||||||| |||| 00| 0 eng d
037 _cGeneral Book
040 _aRTL
_cRTL
_beng
041 _2eng
_aeng
082 _aX:97.73.N5, J4
100 _aKornhauser Arthur et al Ed.
_9320993
245 0 _aIndustrial conflict
260 _aNew York
_bMcGraw-Hill USA
_c1954
300 _axi, 551p.
_ccm.
490 _aSociety for the Psychology Study of Social Issues
650 _aIndustrial Relations
_9232314
942 _hX:97.73.N5, J4
_cGB
_2CC
999 _c629643
_d629643